Príklady dobrej praxe sociálne zodpovedného verejného obstarávania zo zahraničia

Európska výkonná agentúra pre Európsku radu pre inovácie a MSP (EISMEA) v spolupráci s PwC EU Services a ICLEI Europe publikovala analýzu s názvom „How to apply socially responsible public procurement: An impact-driven framework with indicators and practical examples“ (Ako uplatňovať sociálne zodpov...

Descrizione completa

Salvato in:
Dettagli Bibliografici
Autore principale: Tkáč, Juraj
Natura: Capitolo di libro
Lingua:slovacco
Soggetti:
Tags: Aggiungi Tag
Nessun Tag, puoi essere il primo ad aggiungerne!!

MARC

LEADER 00000naa a2200000 4500
001 0311792
005 20250805101200.1
041 0 |a slo 
044 |a SK 
245 1 0 |a Príklady dobrej praxe sociálne zodpovedného verejného obstarávania zo zahraničia  |c Juraj Tkáč 
520 |a Európska výkonná agentúra pre Európsku radu pre inovácie a MSP (EISMEA) v spolupráci s PwC EU Services a ICLEI Europe publikovala analýzu s názvom „How to apply socially responsible public procurement: An impact-driven framework with indicators and practical examples“ (Ako uplatňovať sociálne zodpovedné verejné obstarávanie: Rámec založený na dopade s indikátormi a praktickými príkladmi). Táto komplexná štúdia sa zaoberá vývojom a validáciou analytického rámca pre meranie sociálneho dopadu verejného obstarávania v EÚ. 
610 2 0 |a legislatíva 
610 2 0 |a obstarávanie verejné 
610 2 0 |a zákonodarstvo obchodné 
610 2 0 |a Európska únia 
610 2 0 |a zodpovednosť 
100 1 |a Tkáč, Juraj